Fixed Settling Time Robust Control for Self-Driving Car/ (Record no. 592084)
[ view plain ]
| 000 -LEADER | |
|---|---|
| fixed length control field | 00519nam a22001457a 4500 |
| 040 ## - CATALOGING SOURCE | |
| Transcribing agency | NUST |
| 082 ## - DEWEY DECIMAL CLASSIFICATION NUMBER | |
| Classification number | 200 |
| 100 ## - MAIN ENTRY--PERSONAL NAME | |
| Personal name | Rameez Khan |
| 9 (RLIN) | 15465 |
| 110 ## - MAIN ENTRY--CORPORATE NAME | |
| Corporate name or jurisdiction name as entry element | Thesis Supervisor: Dr. Fahad Mumtaz Malik Co-supervisor: Dr. Raja Amer Azim |
| 9 (RLIN) | 101669 |
| 245 ## - TITLE STATEMENT | |
| Title | Fixed Settling Time Robust Control for Self-Driving Car/ |
| Statement of responsibility, etc. | Rameez Khan |
| 260 ## - PUBLICATION, DISTRIBUTION, ETC. | |
| Place of publication, distribution, etc. | Rawalpindi: |
| Name of publisher, distributor, etc. | NUST COLLGE OF EME, |
| Date of publication, distribution, etc. | 2022. |
| 650 ## - SUBJECT ADDED ENTRY--TOPICAL TERM | |
| Topical term or geographic name entry element | PhD ELECTRICAL ENGINEERING |
| 9 (RLIN) | 84162 |
| 856 ## - ELECTRONIC LOCATION AND ACCESS | |
| Uniform Resource Identifier | <a href="http://10.250.8.41:8080/xmlui/handle/123456789/34208">http://10.250.8.41:8080/xmlui/handle/123456789/34208</a> |
| 942 ## - ADDED ENTRY ELEMENTS (KOHA) | |
| Source of classification or shelving scheme | |
| Koha item type | Soft Copy |
| Withdrawn status | Lost status | Source of classification or shelving scheme | Damaged status | Not for loan | Permanent Location | Current Location | Shelving location | Date acquired | Total Checkouts | Full call number | Barcode | Date last seen | Price effective from | Koha item type |
|---|---|---|---|---|---|---|---|---|---|---|---|---|---|---|
| Central Library (CL) | Central Library (CL) | Thesis | 07/22/2024 | 200 | CLPT-104 | 07/22/2024 | 07/22/2024 | Soft Copy | ||||||
| College of Electrical & Mechanical Engineering (CEME) | College of Electrical & Mechanical Engineering (CEME) | Reference | 10/28/2022 | 200 THE | TH-SOF-2103 | 10/28/2022 | 10/28/2022 | Reference |
